Transformace, restrukturalizace, revitalizace
Transformácia ekonomiky a prechod k trhovému hospodárstvu. Privatizačný proces v Českej republike. Liberalizácia a štrukturálne zmeny. Reštrukturalizácia a revitalizácia v teórii. Priebeh reštrukturalizácie v českom priemysle. Hlavné formy reštrukturalizácie spoločnosti. Fúzie ako prevažujúca finanč...
Salvato in:
| Autore principale: | |
|---|---|
| Natura: | Capitolo di libro |
| Lingua: | ceco |
| Soggetti: | |
| Tags: |
Nessun Tag, puoi essere il primo ad aggiungerne!!
|
MARC
| LEADER | 00000naa$a2200000$$$4500 | ||
|---|---|---|---|
| 001 | 0020229 | ||
| 005 | 20231114081353.9 | ||
| 041 | 0 | |a cze | |
| 044 | |a CZ | ||
| 245 | 1 | 0 | |a Transformace, restrukturalizace, revitalizace |c Miloslav Synek |
| 520 | |a Transformácia ekonomiky a prechod k trhovému hospodárstvu. Privatizačný proces v Českej republike. Liberalizácia a štrukturálne zmeny. Reštrukturalizácia a revitalizácia v teórii. Priebeh reštrukturalizácie v českom priemysle. Hlavné formy reštrukturalizácie spoločnosti. Fúzie ako prevažujúca finančná reštrukturalizácia. Osobitosti finančnej reštrukturalizácie v Česku. Reštrukturalizácia a revitalizácia z hľadiska českého práva. Vstup ČR do EÚ ako previerka výsledkov transformácie a reštrukturalizácie. | ||
| 610 | 2 | 0 | |a transformácia |
| 610 | 2 | 0 | |a Česko |
| 610 | 2 | 0 | |a reštrukturalizácia |
| 610 | 2 | 0 | |a reštrukturalizácia finančná |
| 610 | 2 | 0 | |a hospodárstvo trhové |
| 610 | 2 | 0 | |a revitalizácia |
| 610 | 2 | 0 | |a liberalizmus |
| 610 | 2 | 0 | |a privatizácia |
| 610 | 2 | 0 | |a priemysel |
| 610 | 2 | 0 | |a bankovníctvo |
| 610 | 2 | 0 | |a legislatíva |
| 610 | 2 | 0 | |a Európska únia |
| 610 | 2 | 0 | |a zmeny štruktúrne |
| 100 | 1 | |a Synek, Miloslav | |